000 00333nam a2200133Ia 4500
008 240624s9999 xx 000 0 und d
041 _aeng
082 _a891.46 CHA
100 _aCHARI S N
245 _aAISE BOLALE BUSINESS GURU
260 _c2008
_aNew Delhi
_bMacmillan
300 _aviii, : 275 : p. : cm. ; 21
365 _cRS
_b32
999 _c21630
_d21630